000 02517nam0a2200373 i 4500
001 RU\NLR\BIBL_A\010001829
005 20241102211653.0
010 _a9785923905106
_940
021 _aRU
_b2013-74901
_95146
035 _a(NLR Aleph) 010001829
090 _a9799683
_c9799683
100 _a20131106d2013 u y0rusy50 ca
101 0 _arus
102 _aRU
105 _ay|||z||||||y|
200 1 _aОрганизация, нормирование и оплата труда на предприятиях отрасли
_eучебное пособие
_eдля студентов специальности 080502.65 "Экономика и управление на предприятии (по отраслям)" всех форм обучения
_fМ. В. Никитин
_gМ-во образования и науки Российской Федерации, Сыктывкарский лесной ин-т (фил.) Федерального гос. бюджетного образовательного учреждения высш. проф. образования "Санкт-Петербургский гос. лесотехнический ун-т им. С. М. Кирова", Каф. экономики отраслевых производств
210 _aСыктывкар
_cСЛИ
_d2013
215 _a47 с.
_d21
320 _aБиблиогр.: с. 47
606 _aПромышленные предприятия
_jУчебные издания для высших учебных заведений
_xОрганизация труда
_91706475
_3RU\NLR\AUTH\66760102
606 1 _aПромышленные предприятия
_jУчебные издания для высших учебных заведений
_xНормирование труда
_92356006
_3RU\NLR\AUTH\661407249
606 _aПромышленные предприятия
_jУчебные издания для высших учебных заведений
_xЗаработная плата
_91088694
_3RU\NLR\AUTH\66426665
675 _a658.3(075.8)
686 1 _aУ30(2)-642.1я73
686 1 _aУ30(2)-642.2я73
686 1 _aУ30(2)-645я73
700 1 _aНикитин
_bМ. В.
_cканд. экон. наук, менеджмент
_gМирослав Владимирович
_9134895
_3RU\NLR\AUTH\770134929
801 0 _aRU
_bRuMoRKP
_c20130919
_gRCR
801 2 _aRU
_bРГБ
_c20131002
_grcr
801 1 _aRU
_bRuMoRKP
_c20130919
_2rusmarc
942 _cBOOK
980 _aNBR